| 000 | 00626nam a2200169 a 4500 | ||
|---|---|---|---|
| 001 | 000030362 | ||
| 005 | 20200930062255.0 | ||
| 008 | 110511s1981 dr a 000 | spa d | ||
| 040 |
_aDO-SdBNP _bspa _cBNPHU |
||
| 082 |
_axxx _bR426e |
||
| 110 | 1 |
_aRepública Dominicana. _bSecretaría de Estado de Agricultura _917769 |
|
| 245 | 1 | 0 | _aEvolución de la investigación pecuaria en República Dominicana. |
| 260 |
_aSanto Domingo : _bCentro de Investigaciones Pecuarias, _c1981. |
||
| 300 |
_a76, 10 p. : _bil. ; _c27 cm. |
||
| 500 | _aPonencia presentada en la VIII Reunión Latinoamericana de Producción Animal. | ||
| 049 | _aBNPD | ||
| 999 |
_c29854 _d29854 |
||